000 00523nam a2200157 i 4500
001 59873
003 ES-MaACL
005 20230906164120.0
007 t|
008 031031s1982 mx ||||1| spa d
110 2 _aEscuela Nacional de Estudios Profesionales Acatlan (México)
_93577
245 1 0 _aEscuela Nacional de Estudios Profesionales Acatlan
_b: organización académica 1982.
260 _aMéxico :
_bUniversidad Nacional Autónoma.
300 _a229 p., 1 plan. ;
_c21 cm.
852 _aES-MaACL
_jL-2032
_bR.102853
999 _c59873
_d59873